000 00710cam a22002411 4500
001 sa 63003502
003 DLC
005 20260227111942.0
008 940715s1962 ii 000 0 pano
010 _asa 63003502
025 _aPL480:I-Pu-166
035 _a(OCoLC)30773467
040 _aDLC
_cCU
_dCU
_dNSyU
_dDLC
042 _apremarc
050 0 0 _aPK2659.S5928
_bB3
100 1 _aSingh, Trilok,
_d1908-
245 1 0 _aBahādara Balajīta Kaura,
_clekhaka Triloka Siṅgha.
250 _aPahilī wāra.
260 _aAmmritasara,
_bBhāī Jawāhara Siṅgha kripāla Siṅgha
_c[1962]
300 _a139 p.
_c19 cm.
500 _aIn Panjabi.
600 0 0 _aBalajīta Kaura,
_dactive 18th century
_vFiction.
999 _c55111
_d55111